| 000 | 00612nmm a22002057a 4500 | ||
|---|---|---|---|
| 005 | 20170111133611.0 | ||
| 008 | 150302b xxu||||| |||| 00| 0 ES d | ||
| 041 | _aspa | ||
| 082 | _aDE 149 | ||
| 100 |
_aReyes González, Michael _911660 |
||
| 245 | _aAnálisis de la afluencia vehicular a las estaciones de servicio y sus posibles causas | ||
| 260 | _c2016 | ||
| 650 |
_aCOSTA RICA _936098 |
||
| 650 |
_aADMINISTRACIÓN DE EMPRESAS _9521 |
||
| 650 |
_aESTACIÓN DE SAN SEBASTIÁN _936099 |
||
| 650 |
_aMANTENIMIENTO VEHICULAR _936100 |
||
| 650 |
_aMERCADO _93877 |
||
| 650 |
_aPROMOCIÓN _9685 |
||
| 942 | _cIP | ||
| 999 |
_c3508 _d3508 |
||